Score 0/16 Timer 02:00
2 Plays Today
Television Show Missing Word % Correct
The _____ Is RightPrice
96.5%
Father _____ BestKnows
96.5%
_____ That TuneName
95.4%
Behind _____ DoorsClosed
93.6%
Hallmark Hall of _____Fame
89.6%
The Adventures of _____ LancelotSir
88.8%
Wagon _____Train
74.5%
The Dinah _____ ShowShore
73.8%
Television Show Missing Word % Correct
The _____ Benny ProgramJack
68.9%
You _____ Your LifeBet
67.9%
Your _____ of ShowsShow
67%
_____ for a DayQueen
62.9%
_____ MastersonBat
54.6%
The People's _____Choice
45.3%
The _____ SurpriseBig
38.7%
_____ PeepersMr.
35.8%

Today's Daily Dose

You're not logged in!

Compare scores with friends on all Sporcle quizzes.
OR
Log In

Sporcle TV

Today on Sporcle TV


Watch our educational content, quiz creation guides, and fun videos on Sporcle TV.

Show Comments

Extras

Top Quizzes Today


Score Distribution

Your Account Isn't Verified!

In order to create a playlist on Sporcle, you need to verify the email address you used during registration. Go to your Sporcle Settings to finish the process.

Report this User

Report this user for behavior that violates our Community Guidelines.

Details: